Cómo las ejecutivas estrella construyen talentos transportables (Registro nro. 10850)
[ vista simple ]
| 000 -LEADER | |
|---|---|
| fixed length control field | 00389 a2200109 4500 |
| 001 - CONTROL NUMBER | |
| control field | ART_14734 |
| 005 - DATE AND TIME OF LATEST TRANSACTION | |
| control field | 20260410161613.0 |
| 008 - FIXED-LENGTH DATA ELEMENTS--GENERAL INFORMATION | |
| fixed length control field | 260409a |
| 100 1# - MAIN ENTRY--PERSONAL NAME | |
| Personal name | Groysberg, Boris |
| 245 10 - TITLE STATEMENT | |
| Title | Cómo las ejecutivas estrella construyen talentos transportables |
| 773 0# - HOST ITEM ENTRY | |
| Title | Harvard Business Review |
| Related parts | Lo que un nuevo líder necesita saber - Vol. 86, Nº 2 (feb. 2008) |
| Record control number | REV340 |
No hay ítems disponibles.